00772nam a22001697a 4500003000900000008004100009040007100050082001800121100002800139245009300167260002800260300002600288505018600314650003400500650002900534650003900563AR-CdUCM190312b ||||| |||| 00| 0 spa d aMUNICIPALIDAD PROVINCIAL DEL CUSCOcBIBLIOTECA MUNICIPAL DEL CUSCO a985.07 /bR21 aRamos Zambrano, Augusto aTormenta altiplanica:bRebeliones indigenas de la provincia de Lampa - Puno 1920 -1924 / aLima :bEspinal,c1990. a124 paginas ;c21 cm. acontenido : La rebelión de Huapara en Pucara - Lampa -- El lanzamiento de Pinaya, Ichoccollo, Culine, Caico y Atacata -- El sitio de la ciudad de Lampa y los sucesos de Huayta ... aRebelión e historia de Puno aHistoria del sur peruano aHistoria de rebeliones indígenas